The Mathematica handbook / (Record no. 181660)
[ view plain ]
| 000 -LEADER | |
|---|---|
| fixed length control field | 00614 a2200205 4500 |
| 003 - CONTROL NUMBER IDENTIFIER | |
| control field | Nust |
| 005 - DATE AND TIME OF LATEST TRANSACTION | |
| control field | 20230704131551.0 |
| 010 ## - LIBRARY OF CONGRESS CONTROL NUMBER | |
| LC control number | 92013599 |
| 020 ## - INTERNATIONAL STANDARD BOOK NUMBER | |
| International Standard Book Number | 0120415356 (alk. paper) |
| 040 ## - CATALOGING SOURCE | |
| Transcribing agency | Nust |
| 082 00 - DEWEY DECIMAL CLASSIFICATION NUMBER | |
| Classification number | 510.2855369,ABE |
| 100 1# - MAIN ENTRY--PERSONAL NAME | |
| Personal name | Abell, Martha L. |
| 9 (RLIN) | 102347 |
| 245 14 - TITLE STATEMENT | |
| Title | The Mathematica handbook / |
| Statement of responsibility, etc. | Martha L. Abell and James P. Braselton. |
| 260 ## - PUBLICATION, DISTRIBUTION, ETC. | |
| Place of publication, distribution, etc. | Boston : |
| Name of publisher, distributor, etc. | Academic Press |
| Date of publication, distribution, etc. | c1992. |
| 300 ## - PHYSICAL DESCRIPTION | |
| Extent | xvi, 789 p. : |
| Other physical details | ill. ; |
| Dimensions | 24 cm. |
| 505 ## - FORMATTED CONTENTS NOTE | |
| Formatted contents note | contents not available |
| 650 #0 - SUBJECT ADDED ENTRY--TOPICAL TERM | |
| Topical term or geographic name entry element | Mathematics |
| General subdivision | Data processing. |
| 9 (RLIN) | 23326 |
| 700 1# - ADDED ENTRY--PERSONAL NAME | |
| Personal name | Braselton, James P., |
| Dates associated with a name | 1965- |
| 9 (RLIN) | 102348 |
| 942 ## - ADDED ENTRY ELEMENTS (KOHA) | |
| Source of classification or shelving scheme | |
| Koha item type | Book Bank |
| Withdrawn status | Lost status | Source of classification or shelving scheme | Damaged status | Not for loan | Permanent Location | Current Location | Shelving location | Date acquired | Full call number | Barcode | Date last seen | Price effective from | Koha item type | Public note |
|---|---|---|---|---|---|---|---|---|---|---|---|---|---|---|
| Military College of Signals (MCS) | Military College of Signals (MCS) | General Stacks | 12/12/2016 | 510.2855369,ABE | MCS7123 | 12/08/2016 | 12/12/2016 | Book | Almirah No.82, Shelf No.2 |
